000 00352nam a22001457a 4500
999 _c7521
_d7519
005 20210306103904.0
008 210306b ||||| |||| 00| 0 eng d
082 _a346.066
100 _aAIYAR, A.N
_96466
245 _aCOMPANY CASES
260 _aMADRAS
_bTHE COMPANY INSTITUTE OF INDIA
_c1948
300 _aI-20,P
650 _aLAW
_95701
942 _cJRL